00494pab a2200157 454500008004000000100002700040245008500067260000900152300001300161362000800174650002300182650002600205650003100231650003600262773003800298180718b1995 xxu||||| |||| 00| 0 eng d aShugart, Mathew Soberg aThe electoral cycle and institutional sources of divided presidential government c1995 ap.327-43 aJun aElections - U.S.A. aElection law - U.S.A. aPolitical parties - U.S.A. aPresidents - U.S.A. - Elections aAmerican Political Science Review